000 00476nam a2200193Ia 4500
003 OSt
005 20220715141110.0
008 210210b1944 xxu||||| |||| 00| 0 eng d
040 _cAL
041 _aeng
082 _a516/5
100 _aBARNARD (R J A)
_949923
245 _aElementary dynamics of the particle and rigid body
260 _aLondon
_bMacmillan & Co. Ltd
_c1944
650 _athe
_949924
690 _astatics
_949925
906 _a007722
942 _2ddc
_cBK
999 _c140340
_d140340